书目信息 |
| 题名: |
怎样跳得高
|
|
| 作者: | 沈信生 主编 | |
| 分册: | ||
| 出版信息: | 北京 人民体育出版社 2002 |
|
| 页数: | 94页 | |
| 开本: | 19cm | |
| 丛书名: | ||
| 单 册: | ||
| 中图分类: | G823.13 | |
| 科图分类: | ||
| 主题词: | 跳高--运动训练法 , CT--S074393--跳高 , CT--S092408--运动训练法 | |
| 电子资源: | ||
| ISBN: | 7-5009-2194-2 | |
| 000 | 00760nam0 2200241 45 | |
| 001 | 012002031024 | |
| 005 | 20061112141634.57 | |
| 010 | @a7-5009-2194-2@dCNY7.00 | |
| 100 | @a20020403d2002 em y0chiy0110 ea | |
| 101 | 0 | @achi |
| 102 | @aCN@b110000 | |
| 105 | @aa z 000yy | |
| 200 | 1 | @a怎样跳得高@9zen yang tiao de gao@f沈信生主编 |
| 210 | @a北京@c人民体育出版社@d2002 | |
| 215 | @a94页@c图@d19cm | |
| 330 | @a本书内容包括:什么是跳高、你是怎么跳的、热身活动准备、中级阶段的一般训练方法、怎样才能成为出色的跳高运动员等。 | |
| 606 | 0 | @a跳高@x运动训练法 |
| 606 | 0 | @2CT@3S074393@a跳高 |
| 606 | 0 | @2CT@3S092408@a运动训练法 |
| 690 | @aG823.13@v4 | |
| 701 | 0 | @a沈信生@9shen xin sheng@4主编 |
| 801 | 0 | @aCN@bNLC@c20061112 |
| 905 | @a10447@dG823.13@e79 | |
| 怎样跳得高/沈信生主编.-北京:人民体育出版社,2002 |
| 94页:图;19cm |
| ISBN 7-5009-2194-2:CNY7.00 |
| 本书内容包括:什么是跳高、你是怎么跳的、热身活动准备、中级阶段的一般训练方法、怎样才能成为出色的跳高运动员等。 |
| ● |
| 相关链接 |
|
|
|
|
正题名:怎样跳得高
索取号:G823.13/79
 
预约/预借
| 序号 | 登录号 | 条形码 | 馆藏地/架位号 | 状态 | 备注 |
| 1 | 0383711 | 203837116 | 第一样本阅览室/ [索取号:G823.13/79] | 在馆 | |
| 2 | 0383712 | 203837125 | 第四借阅区/ [索取号:G823.13/79] | 在馆 | |
| 3 | 0383713 | 203837134 | 第四借阅区/ [索取号:G823.13/79] | 在馆 | |
| 4 | 0383714 | 203837143 | 第四借阅区/ [索取号:G823.13/79] | 在馆 | |
| 5 | 0383715 | 203837152 | 第四借阅区/ [索取号:G823.13/79] | 在馆 |